<?xml version="1.0" encoding="UTF-8"?>
<collection xmlns="http://www.loc.gov/MARC21/slim">
 <record>
  <leader>04747ntm a22004817i 4500</leader>
  <controlfield tag="001">000730264</controlfield>
  <controlfield tag="003">CZ-PrVSE</controlfield>
  <controlfield tag="005">20260419164828.0</controlfield>
  <controlfield tag="006">m        d</controlfield>
  <controlfield tag="007">cr n||||||||||</controlfield>
  <controlfield tag="008">260419s2026    xr     fsbm   000 0 cze d</controlfield>
  <datafield tag="STA" ind1=" " ind2=" ">
   <subfield code="a">NEZPRACOVANÝ IMPORT</subfield>
  </datafield>
  <datafield tag="040" ind1=" " ind2=" ">
   <subfield code="a">ABA006</subfield>
   <subfield code="b">cze</subfield>
   <subfield code="c">ABA006</subfield>
   <subfield code="d">ABA006</subfield>
   <subfield code="e">rda</subfield>
  </datafield>
  <datafield tag="100" ind1="1" ind2=" ">
   <subfield code="a">Chvátalová, Kateřina</subfield>
   <subfield code="%">ISIS:165061</subfield>
   <subfield code="4">dis</subfield>
  </datafield>
  <datafield tag="242" ind1="1" ind2="0">
   <subfield code="a">Challenges for the Prague MICE segment</subfield>
   <subfield code="y">eng</subfield>
  </datafield>
  <datafield tag="245" ind1="1" ind2="0">
   <subfield code="a">Výzvy pro pražský MICE segment /</subfield>
   <subfield code="c">Kateřina Chvátalová</subfield>
  </datafield>
  <datafield tag="264" ind1=" " ind2="0">
   <subfield code="c">2026</subfield>
  </datafield>
  <datafield tag="300" ind1=" " ind2=" ">
   <subfield code="a">?? stran :</subfield>
   <subfield code="3">digital, PDF soubor</subfield>
  </datafield>
  <datafield tag="500" ind1=" " ind2=" ">
   <subfield code="a">Vedoucí práce: Přemysl Průša</subfield>
  </datafield>
  <datafield tag="502" ind1=" " ind2=" ">
   <subfield code="a">Disertační práce (Ph.D.)—Vysoká škola ekonomická v Praze. Fakulta mezinárodních vztahů,</subfield>
  </datafield>
  <datafield tag="504" ind1=" " ind2=" ">
   <subfield code="a">Obsahuje bibliografii</subfield>
  </datafield>
  <datafield tag="516" ind1=" " ind2=" ">
   <subfield code="a">Textový (vysokoškolská kvalifikační práce)</subfield>
  </datafield>
  <datafield tag="518" ind1=" " ind2=" ">
   <subfield code="a">Rok obhajoby</subfield>
  </datafield>
  <datafield tag="520" ind1="3" ind2=" ">
   <subfield code="a">Název disertační práce: Výzvy pro pražský MICE segment Abstrakt v českém jazyce Tato disertační práce vznikla, aby popsala a představila změny a výzvy, se kterými se v letech 2020 – 2025 setkalo pražské MICE odvětví. Pandemie covid-19 spustila řetězec trvalých i přechodných změn, které zásadním (a dosud nepoznaným) způsobem změnily stávající podobu ekosystému business events/MICE. Autorka nejprve realizovala sekundární výzkum založený na studiu dostupných vědeckých pramenů. Na základě vymezení existujících mezer v poznání a chybějící relevantní vědecké literatuře zaměřené predominantně na český/pražský segment MICE byly stanoveny plány pro provedení vlastního primárního smíšeného výzkumu. Autorka na základě výsledků kvantitativního adresného dotazníku otestovala hypotézu, že pandemie covidu přinesla pražské MICE scéně doposud největší krizi od roku 1989. Hypotéza byla šetřením potvrzena. Potvrzení hypotézy se stalo výchozím bodem pro následnou fázi primárního kvalitativního výzkumu založeném na realizaci 20 polostrukturovaných rozhovorů s exekutivními profesionály z oboru MICE v Praze. Pro zpracování dat z rozhovorů byla použita interpretativně-induktivní metoda Gioia, která má své kořeny v grounded theory. Právě trojfázové kódování a postupný vznik konceptů, témat a agregovaných dimenzí představuje hlavní přínos vlastního výzkumu disertační práce. Kvalitativní výzkum dospěl metodou Gioia k počtu 7 finálních agregovaných dimenzí, které představují výslednou podobu aktuálních výzev, kterým v roce 2025 pražský MICE segment čelí. Praha doposud těží zejména z bohatých a produktivních předcovidových let, tato základ-na tvořená poměrem kvalita/cena, dostačující infrastrukturou a kvalitou služeb pomohla Praze k relativně rychlému a úspěšnému návratu k růstu po krizovém období běhe</subfield>
  </datafield>
  <datafield tag="520" ind1="8" ind2=" ">
   <subfield code="a">Praha doposud nemá sobě rovnou konkurenci v rámci MICE na domácí české scéně, zato jí ale v posledních letech silně pronásleduje regionální konkurence zastoupená zejména polskými velkoměsty a jejich schopnosti realizovat větší akce a poskytnout celoroční dálkové lety. Praha na základě výsledků výzkumu nemá dostatečnou podporu ve svých MICE aktivitách ze strany centrální vlády, ani regionálních/krajských vlád. Covid urychlil generační výměnu v rámci segmentu MICE v podobě nástupu generace Z, jejíž postoje, hodnoty a přístup k hospitality a MICE není současnými exekutivními leadery oboru vždy přijímán s pochopením. Tato strukturální změna představuje zásadní výzvu v rámci oboru, protože nastavuje zrcadlo upadajícímu zájmu nových pracovníků pracovat v rámci oboru, jehož podmínky a nastavení pracovní doby, popisu práce apod. je pro ně spíše odpuzující, a obor sám pro ně přestává být atraktivní.</subfield>
  </datafield>
  <datafield tag="538" ind1=" " ind2=" ">
   <subfield code="a">Způsob přístupu: Internet</subfield>
  </datafield>
  <datafield tag="653" ind1="0" ind2=" ">
   <subfield code="a">mezinárodní ekonomické vztahy [obor disert. práce]</subfield>
  </datafield>
  <datafield tag="655" ind1=" " ind2="7">
   <subfield code="a">disertace</subfield>
   <subfield code="7">fd132024</subfield>
   <subfield code="2">czenas</subfield>
  </datafield>
  <datafield tag="655" ind1=" " ind2="9">
   <subfield code="a">dissertations</subfield>
   <subfield code="2">eczenas</subfield>
  </datafield>
  <datafield tag="690" ind1=" " ind2=" ">
   <subfield code="a">Dopad pandemie covid-19</subfield>
  </datafield>
  <datafield tag="690" ind1=" " ind2=" ">
   <subfield code="a">MICE</subfield>
  </datafield>
  <datafield tag="690" ind1=" " ind2=" ">
   <subfield code="a">Kongresový průmysl v Praze</subfield>
  </datafield>
  <datafield tag="690" ind1=" " ind2=" ">
   <subfield code="a">Nástup generace Z na pracovní trh</subfield>
  </datafield>
  <datafield tag="700" ind1="1" ind2=" ">
   <subfield code="a">Průša, Přemysl,</subfield>
   <subfield code="d">1980-</subfield>
   <subfield code="7">mzk2007430834</subfield>
   <subfield code="4">ths</subfield>
  </datafield>
  <datafield tag="710" ind1="2" ind2=" ">
   <subfield code="a">Vysoká škola ekonomická v Praze.</subfield>
   <subfield code="b">Fakulta mezinárodních vztahů</subfield>
   <subfield code="7">kn20010709400</subfield>
   <subfield code="4">dgg</subfield>
  </datafield>
  <datafield tag="856" ind1="4" ind2="0">
   <subfield code="u">https://insis.vse.cz/zp/79622/podrobnosti</subfield>
   <subfield code="y">VŠKP v InSIS</subfield>
  </datafield>
  <datafield tag="856" ind1="4" ind2="0">
   <subfield code="u">https://insis.vse.cz/zp/79622</subfield>
   <subfield code="y">Hlavní práce</subfield>
  </datafield>
  <datafield tag="999" ind1="4" ind2="0">
   <subfield code="u">https://insis.vse.cz/zp/79622/podrobnosti</subfield>
   <subfield code="y">dc:identifier</subfield>
  </datafield>
  <datafield tag="993" ind1=" " ind2=" ">
   <subfield code="x">NEPOSILAT</subfield>
   <subfield code="y">VSKP</subfield>
  </datafield>
  <datafield tag="999" ind1="4" ind2="9">
   <subfield code="a">vse79622</subfield>
   <subfield code="b">260410</subfield>
  </datafield>
  <datafield tag="999" ind1="4" ind2="5">
   <subfield code="x">79622</subfield>
  </datafield>
 </record>
</collection>
